|
|
|
|
| LEADER |
00000nam0a2200000 4500 |
| 001 |
342395 |
| 005 |
20231102005440.0 |
| 035 |
|
|
|a (RuTPU)RU\TPU\book\371217
|
| 090 |
|
|
|a 342395
|
| 100 |
|
|
|a 20190204d2000 km y0rusy50 ca
|
| 101 |
0 |
|
|a rus
|
| 102 |
|
|
|a RU
|
| 105 |
|
|
|a a z 000zy
|
| 200 |
1 |
|
|a Томский политехнический университет. Физико-технический факультет
|
| 210 |
|
|
|a Томск
|c Каре
|d [2000]
|
| 215 |
|
|
|a 15 с.
|c ил.
|
| 606 |
1 |
|
|a Томский политехнический университет
|2 stltpush
|3 (RuTPU)RU\TPU\subj\67475
|9 83260
|
| 610 |
1 |
|
|a высшее образование
|
| 610 |
1 |
|
|a ТПУ
|
| 610 |
1 |
|
|a история
|
| 610 |
1 |
|
|a физико-технический факультет
|
| 610 |
1 |
|
|a Томский технологический институт
|
| 610 |
1 |
|
|a кафедры
|
| 610 |
1 |
|
|a факультеты
|
| 610 |
1 |
|
|a научная деятельность
|
| 610 |
1 |
|
|a Коллекция История ТПУ
|
| 686 |
|
|
|a Ч484(2)72ТПУ
|v LBC/SL-A
|2 rubbk
|
| 801 |
|
1 |
|a RU
|b 63413507
|c 20190204
|
| 801 |
|
2 |
|a RU
|b 63413507
|c 20210204
|g RCR
|
| 942 |
|
|
|c BK
|